000 00738nam a22001695i 4500
001 173795
003 ES-MaACL
005 20231227145650.0
008 100120s1835 sp |||| | spa d
100 1 _aDelavigne, Casimir.
_943338
245 1 0 _aMarino Faliero
_b: drama histórico en cinco actos /
_cpor Casimir Delavigne ; traducido por Ventura de la Vega.
260 _aMadrid :
_b[s.n.],
_c1835 (
_fImp. de Repullés)
300 _a108 p. ;
_c17 cm.
700 1 _aVega, Ventura de la,
_d1807-1865
_9113584
852 _aES-MaACL
_jF-8607(2)
_e.- Enc. pasta española
_q.- Falto de la cub. original
_z.- Enc. en un vol. facticio formando parte de la col. facticia "Teatro español moderno", vol. 62
999 _c173795
_d173795